Beyond Johannesburg policies and finance for climate-friendly development
Saved in:
| Main Author: | |
|---|---|
| Corporate Author: | |
| Other Authors: | |
| Format: | Book |
| Language: | English |
| Published: |
Paris
OECD
2002
|
| Series: | Policy brief
No. 21 |
| Subjects: | |
| Tags: |
No Tags, Be the first to tag this record!
|
MARC
| LEADER | 00000nam a2200000 4500 | ||
|---|---|---|---|
| 001 | c141896 | ||
| 005 | 20221124094356.9 | ||
| 041 | 0 | |a eng | |
| 044 | |a FR | ||
| 245 | 1 | 0 | |a Beyond Johannesburg |b policies and finance for climate-friendly development |c by Georg Caspary and David O'Connor |
| 264 | 1 | |a Paris |b OECD |c 2002 | |
| 300 | |a 48 s. | ||
| 490 | 1 | |a Policy brief |v No. 21 | |
| 830 | 0 | |a Policy brief |v No. 21 | |
| 610 | 2 | 0 | |a ochrana prostredia životného |
| 610 | 2 | 0 | |a politika environmentálna |
| 610 | 2 | 0 | |a politika finančná |
| 610 | 2 | 0 | |a zmeny klimatické |
| 610 | 2 | 0 | |a efekt skleníkový |
| 610 | 2 | 0 | |a energia |
| 610 | 2 | 0 | |a emisie |
| 610 | 2 | 0 | |a znečistenie ovzdušia |
| 610 | 2 | 0 | |a svet |
| 610 | 2 | 0 | |a OECD |
| 100 | 1 | |a Caspary, Georg | |
| 700 | 1 | |a O'Connor, David | |
| 710 | 2 | |a OECD. Development Centre | |